01360pam a2200325Ia 4500001001100000003000800011006001900019007001500038008004100053010001700094020002800111040002100139035002000160050002500180082001600205100002600221245011400247260006400361300002400425490005100449504006600500533015200566600007100718650001700789655002900806710001700835830004000852856012500892999001701017ebr5000185CaPaEBRm u cr cn|||||||||010328s2001 ne a sb 001 0 eng d z 2001035013 z1588110583 (alk. paper) aCaPaEBRcCaPaEBR a(OCoLC)7076926714aP85.W477bF67 2001eb04a410/.922211 aFortescue, Michael D.10aPattern and processh[electronic resource] :ba Whiteheadian perspective on linguistics /cMichael Fortescue. aAmsterdam ;aPhiladelphia, PA :bJ. Benjamins Pub.,cc2001. avii, 311 p. :bill.1 aHuman cognitive processing,x1387-6724 ;vv. 6 aIncludes bibliographical references (p. [299]-306) and index. aElectronic reproduction.bPalo Alto, Calif. :cebrary,d2013.nAvailable via World Wide Web.nAccess may be limited to ebrary affiliated libraries.10aWhitehead, Alfred North,d1861-1947xContributions in linguistics. 0aLinguistics. 7aElectronic books.2local2 aebrary, Inc. 0aHuman cognitive processing ;vv. 6.40uhttp://site.ebrary.com/lib/rucke/Doc?id=5000185zAn electronic book accessible through the World Wide Web; click to view c17129d17129